[Event "Rilton Cup 48th"]
[Site "Stockholm"]
[Date "2018.12.31"]
[Round "5"]
[White "Pantzar, Milton"]
[Black "Marzano, Carlo"]
[Result "1-0"]
[WhiteElo "2330"]
[BlackElo "2222"]
[PlyCount "63"]
[EventDate "2018.12.27"]
[EventType "swiss"]
[EventRounds "9"]
[EventCountry "SWE"]
[SourceTitle "CBM 188 Extra"]
[Source "ChessBase"]
[SourceDate "2019.02.26"]
[SourceVersion "1"]
[SourceVersionDate "2019.02.26"]
[SourceQuality "1"]

1. e4 e5 2. Nf3 Nc6 3. Bb5 a6 4. Ba4 Nf6 5. 0-0 b5 6. Bb3 Bb7 7. d3 Bc5 8. Bg5 h6 9. Bh4 d6 10. c3 g5 11. Bg3 0-0 12. Re1 Bb6 13. Nbd2 Re8 14. Nf1 Ne7 15. Ne3 Bc8 16. d4 Nxe4 17. Nd5 Nxd5 18. Bxd5 Bf5 19. Rxe4 Bxe4 20. Bxe4 d5 21. Bf5 exd4 22. cxd4 c5 23. Ne5 Bc7 24. Qh5 Bxe5 25. Bxe5 Qb6 26. dxc5 Qc6 27. Bd6 Kg7 28. h4 Kf6 29. g4 Rh8 30. Re1 Rae8 31. hxg5+ hxg5 32. Be7+ 1-0

[Event "London Classic op 10th"]
[Site "London"]
[Date "2018.12.15"]
[Round "7"]
[White "Menzies, Colin"]
[Black "Marzano, Carlo"]
[Result "1/2-1/2"]
[WhiteElo "2132"]
[BlackElo "2222"]
[PlyCount "67"]
[EventDate "2018.12.09"]
[EventType "swiss"]
[EventRounds "9"]
[EventCountry "ENG"]
[SourceTitle "CBM 187 Extra"]
[Source "ChessBase"]
[SourceDate "2018.11.04"]
[SourceVersion "1"]
[SourceVersionDate "2018.11.04"]
[SourceQuality "1"]

1. Nf3 d5 2. c4 dxc4 3. e3 Nf6 4. Bxc4 e6 5. 0-0 a6 6. Qc2 b5 7. Be2 c5 8. a4 b4 9. d3 Bb7 10. Nbd2 Be7 11. Nc4 0-0 12. h3 Qc7 13. e4 Nc6 14. Be3 Rfd8 15. Rac1 Rac8 16. g3 Nd7 17. Bf4 e5 18. Be3 Nf8 19. Ncd2 Ne6 20. Nb3 Qb8 21. Qb1 Ncd4 22. Nfxd4 Nxd4 23. Bxd4 cxd4 24. Na5 Rxc1 25. Rxc1 Rc8 26. Bg4 Rc5 27. Rxc5 Bxc5 28. Qc2 Bb6 29. Nxb7 Qxb7 30. Bc8 Qa8 31. Qc4 a5 32. Kh2 Qb8 33. Qc6 Kf8 34. b3 1/2-1/2

[Event "London Classic op 10th"]
[Site "London"]
[Date "2018.12.13"]
[Round "5"]
[White "Edwards, Simon R"]
[Black "Marzano, Carlo"]
[Result "1-0"]
[WhiteElo "1931"]
[BlackElo "2222"]
[PlyCount "81"]
[EventDate "2018.12.09"]
[EventType "swiss"]
[EventRounds "9"]
[EventCountry "ENG"]
[SourceTitle "CBM 187 Extra"]
[Source "ChessBase"]
[SourceDate "2018.11.04"]
[SourceVersion "1"]
[SourceVersionDate "2018.11.04"]
[SourceQuality "1"]

1. d4 d5 2. c4 dxc4 3. e3 e5 4. Nf3 exd4 5. Bxc4 Bb4+ 6. Kf1 Qe7 7. Nxd4 c6 8. a3 Bd6 9. b4 Nf6 10. Bb2 0-0 11. Qc2 Re8 12. Nd2 g6 13. h4 Bg4 14. Re1 Nbd7 15. N2f3 Nb6 16. Bb3 Rac8 17. Ng5 Nbd5 18. Qb1 h6 19. e4 hxg5 20. hxg5 Nh5 21. exd5 Qxg5 22. dxc6 bxc6 23. Rxe8+ Rxe8 24. Qc1 Qe7 25. Bc3 c5 26. Nc6 Qe2+ 27. Kg1 cxb4 28. axb4 Bf4 29. Rxh5 Qe1+ 30. Qxe1 Rxe1+ 31. Bxe1 gxh5 32. Nxa7 Bd7 33. Bd5 h4 34. b5 Bd6 35. Ba5 Bc5 36. Nc6 h3 37. gxh3 Bxh3 38. b6 Bd6 39. b7 Bf5 40. b8Q+ Bxb8 41. Nxb8 1-0